<?xml version="1.0" encoding="UTF-8"?>
<marc:record xmlns:marc="http://www.loc.gov/MARC21/slim">
   <marc:leader>00000nam a2200000 a 4500</marc:leader>
   <marc:datafield ind1="1" ind2=" " tag="100">
      <marc:subfield code="a">Olsson, Sören</marc:subfield>
      <marc:subfield code="4">aut</marc:subfield>
      <marc:subfield code="e">Verfasser/-in</marc:subfield>
   </marc:datafield>
   <marc:datafield ind1="1" ind2=" " tag="100">
      <marc:subfield code="a">Jakobsson, Anders</marc:subfield>
      <marc:subfield code="4">aut</marc:subfield>
      <marc:subfield code="e">Verfasser/-in</marc:subfield>
   </marc:datafield>
   <marc:datafield ind1="0" ind2="0" tag="245">
      <marc:subfield code="a">Bert Babyface</marc:subfield>
   </marc:datafield>
   <marc:datafield ind1="0" ind2="0" tag="245">
      <marc:subfield code="c">Sören Olsson</marc:subfield>
   </marc:datafield>
   <marc:datafield ind1=" " ind2="1" tag="264">
      <marc:subfield code="a">Hamburg</marc:subfield>
      <marc:subfield code="b">Oetinger</marc:subfield>
      <marc:subfield code="c">2006</marc:subfield>
   </marc:datafield>
   <marc:datafield ind1="1" ind2=" " tag="520">
      <marc:subfield code="a">Bert darf seinen Onkel Janne in New York besuchen. Er erlebt einige Katastrophen und ein heißes Abenteuer mit der flotten Sugar. Und erfährt mehr als Erstaunliches über seinen Vater, den er doch stets für einen kleinbürgerlichen Spießer gehalten hat. Wer hätte das je geglaubt: Bert mit Anzug und Krawatte! Möglich macht das Onkel Janne, der reiche amerikanische Onkel, der Bert nach N.Y. eingeladen hat. Bert wünscht sich schon lange sehnlichst, dessen Sohn zu sein, statt diesen oberpeinlichen, spießigen Optiker zum Vater zu haben. Doch bei seinem Besuch beim Onkel stellt sich heraus, dass sein Vater bei weitem nicht der lahme Trottel ist, für den Bert ihn bisher gehalten hat. Und der Lack vom Glanz des Onkels blättert auch völlig ab. Zurück nach Schweden kehrt ein geläuterter Bert, der seinen Vater nun mit ganz anderen Augen sieht. Und der sich - nach einem kurzen Abenteuer mit einem amerikanischem Mädel - zufrieden in den Armen seiner Patricia wiederfindet. Gelungener Titel. Auch wenn Olsson eine vertrackte Lust daran hat, zu verheimlichen, in welche Reihenfolge die Bert-Titel denn gehören. So sollte es richtig sein: "B. Babyface" gehört zwischen die vorletzten und die allerletzten Katastrophen. Für alle.</marc:subfield>
   </marc:datafield>
   <marc:datafield ind1=" " ind2=" " tag="020">
      <marc:subfield code="a">9783789144264</marc:subfield>
      <marc:subfield code="9">9783789144264</marc:subfield>
   </marc:datafield>
   <marc:datafield ind1=" " ind2=" " tag="041">
      <marc:subfield code="a">ger</marc:subfield>
   </marc:datafield>
   <marc:datafield ind1="1" ind2=" " tag="521">
      <marc:subfield code="a">0</marc:subfield>
   </marc:datafield>
   <marc:datafield ind1=" " ind2=" " tag="300">
      <marc:subfield code="a">157 S. : Ill.</marc:subfield>
   </marc:datafield>
</marc:record>
